Introducción en la lingüística teórica
Uloženo v:
| Hlavní autor: | |
|---|---|
| Médium: | Kniha |
| Jazyk: | španělština |
| Vydáno: |
Barcelona
Teide
1981
|
| Vydání: | 6a. ed |
| Edice: | Aportación universitaria. Serie lingüística
|
| Témata: | |
| Tagy: |
Přidat tag
Žádné tagy, Buďte první, kdo vytvoří štítek k tomuto záznamu!
|
MARC
| LEADER | 00000nam a2200000 a 4500 | ||
|---|---|---|---|
| 001 | UCZ0074 | ||
| 003 | CL-VaPUC | ||
| 008 | 950724e19810000SP |||||||||||||||||spa|d | ||
| 082 | 0 | 4 | |a 401 |b LYO |2 21 |
| 100 | |a Lyons, John |e autor |9 523064 | ||
| 245 | 1 | 0 | |a Introducción en la lingüística teórica |
| 250 | |a 6a. ed | ||
| 300 | |a 531 p | ||
| 942 | |c BK | ||
| 945 | |d 19950724 00:00:00 |a cmena | ||
| 260 | |a Barcelona |b Teide |c 1981 | ||
| 650 | 0 | |a Lingüística |9 265068 | |
| 650 | 7 | |a TEORIA LINGUISTICA |2 CL-VaPUC |9 334835 | |
| 650 | 0 | |a Filosofía |9 223554 | |
| 650 | 0 | |a Filología |9 321245 | |
| 650 | 0 | |a Lenguas |9 324269 | |
| 650 | 0 | |a Gramática |9 270497 | |
| 650 | 0 | |a Fonología |9 341074 | |
| 650 | 0 | |a Semántica |9 265318 | |
| 650 | 7 | |a LINGUISTICA DESCRIPTIVA |2 CL-VaPUC |9 342675 | |
| 583 | |a last modification |c 19950724 00:00:00 |k Rodrigo Vera | ||
| 490 | 0 | |a Aportación universitaria. Serie lingüística | |
| 999 | |c 237047 |d 237045 | ||
| 952 | |0 0 |1 0 |4 0 |6 401_000000000000000_LYO_1981 |7 0 |8 A |9 245737 |a BIBEDU |b BIBEDU |d 2019-11-18 |i 1542435 |l 1 |o 401 LYO 1981 |p 1542435 |r 2023-08-23 |s 2023-08-14 |w 2019-11-18 |y BK |k EDU | ||